| 000 | 01345cam a2200361 i 4500 | ||
|---|---|---|---|
| 001 | 200131160 | ||
| 003 | TR-AnTOB | ||
| 005 | 20250618154451.0 | ||
| 007 | ta | ||
| 008 | 160327s2013 tu d b 000 0 tur d | ||
| 020 |
_a9786054735204 _q(hardback) |
||
| 035 | _a(TR-AnTOB)200131160 | ||
| 040 |
_aTR-AnTOB _beng _erda _cTR-AnTOB |
||
| 041 | 0 | _atur | |
| 050 | 4 |
_aHG4026 _b.F56 2013 |
|
| 090 |
_aHG4026 _b.F56 2013 |
||
| 245 | 0 | 0 |
_aFinansal yönetim / _cyayına hazırlayanlar Prof. Dr. Ramazan Aktaş, Prof. Dr. Mete Doğanay, Yrd. Doç. Dr. Atılım Murat, Yrd. Doç. Dr. Eşref Savaş Başçı. |
| 250 | _a1. basım. | ||
| 264 | 1 |
_aİstanbul : _bSakarya Üniversitesi Sürekli Eğitim Uygulama ve Araştırma Merkezi, _c2013. |
|
| 300 |
_a392 pages : _btables, charts ; _c25 cm |
||
| 336 |
_atext _btxt _2rdacontent |
||
| 337 |
_aunmediated _bn _2rdamedia |
||
| 338 |
_avolume _bnc _2rdacarrier |
||
| 504 | _aBIB | ||
| 650 | 7 |
_aŞirketler _xFinans _2etuturkob _93697 |
|
| 700 | 1 |
_aAktaş, Ramazan _eeditor _931883 |
|
| 700 | 1 |
_aDoğanay, M. Mete _eeditor _9141203 |
|
| 700 | 1 |
_aMurat, Atılım _eeditor _995269 |
|
| 700 | 1 |
_aBaşcı, Eşref Savaş _eeditor _995270 |
|
| 710 | 2 |
_aSakarya Üniversitesi. _bSürekli Eğitim Uygulama ve Araştırma Merkezi _eissuing body _9148982 |
|
| 942 |
_2lcc _cBK |
||
| 999 |
_c200131160 _d38340 |
||